000 00659nam a2200229Ia 4500
003 OSt
005 20220925174156.0
006 a|||||r|||| 00| 0
007 ta
008 220923b |||||||| |||| 00| 0 eng d
037 _cGeneral Book
040 _aRTL
_cRTL
_beng
041 _2eng
_aeng
082 _aX9(J451).2.N59<N46r, J9
110 _aHULDIBARI TEA ASSOCIATION
_9246146
245 0 _aAnnual report,1946.
260 _aCalcutta
_bHuldibari Tea Association
_c1959
300 _a13p.
_ccm.
700 _aHULDIBARI TEA ASSOCIATION
_9246147
942 _hX9(J451).2.N59<N46r, J9
_cGB
_2CC
999 _c490226
_d490226